000 00454cam a22001934a 4500
005 20250605164326.0
008 250528s ||||||||||||||||||||||||d
035 _a23053
020 _a9780140091106
040 _aGR-AtMCL
_bgre
_dGR-AtMCL
_eAACR2
245 1 _aUNDERSTANDING ORGANIZATIONS
250 _a3
260 _bPenguin Books,
_c1985
300 _a487
700 1 _aHandy Charles
_9681
942 _cBK
999 _c8093
_d8093